Zuid-Amerikaanse Hoofdsteden op een Kaart - Statistieken

Algemene statistieken
  • Deze quiz is 2.606 keer genomen
  • De gemiddelde score is 9 van 13
Antwoorden op de kaart
Antwoorden kleurgecodeerd door een groen-rode schaal op de quizkaart volgens % correct hieronder.
 
Antwoordstatistieken
Antwoord % Correct
Brasilia
93%
Buenos Aires
89%
Lima
82%
Santiago
80%
Bogota
79%
Paramaribo
75%
Montevideo
71%
Georgetown
67%
Caracas
66%
Quito
63%
Asuncion
58%
La Paz
57%
Sucre
56%
Geen overeenkomende quizzen gevonden
Scoreverdeling
Procent van Mensen met Elke Score
Percentiel versus Aantal Correcte Antwoorden
Uw Scoregeschiedenis
U heeft deze quiz nog niet genomen